| 000 | 00691nam a22002537a 4500 | ||
|---|---|---|---|
| 999 |
_c4012 _d234516 |
||
| 020 | _a9502005838 | ||
| 080 | _a347.957 M 815 | ||
| 100 | _aMorello, Augusto M. | ||
| 245 |
_aLa Nueva Etapa del Recurso Extraordinario _b(ley 23774) |
||
| 250 | _a2ยช Ed. Act. y Amp. | ||
| 260 |
_aBuenos Aires _bAbeledo Perrot _c1999 |
||
| 300 | _a300 P. | ||
| 650 | _xrecurso extraordinario | ||
| 650 | _xcertiorari | ||
| 650 | _xley 23774 | ||
| 650 | _xCorte Suprema | ||
| 650 | _xcuestion federal | ||
| 650 | _xcontrol de constitucionalidad | ||
| 650 | _xgravedad institucional | ||
| 650 | _xsentencia arbitraria | ||
| 942 | _6_ | ||
| 945 |
_acd _d2015-06-11 |
||